| 000 | 00000nam##2200000za#4500 |
| 001 | 9.599629 |
| 003 | CaOODSP |
| 005 | 20240501092931 |
| 007 | cr ||||||||||| |
| 008 | 150406|2002||||xxc|||||o f|0| 0 fre|d |
| 040 | |aCaOODSP|bfre |
| 043 | |an-cn--- |
| 086 | 1 |aPS83-3/114F-PDF |
| 110 | 2 |aService correctionnel Canada. |
| 245 | 14|aUne analyse des cas d'agression sexuelle lors d'une prise d'otage ou d'une séquestration / |h[ressource électronique]|c[par] Donna L. Mailloux et Ralph C. Serin. |
| 260 | |bService correctionnel Canada |cAoût 2002. |
| 300 | |a33p.|bgraphiques, références |
| 490 | 1 |aRapport de recherche|vR-114 |
| 590 | |a10-14-Supp|b2010-12-03 |
| 720 | 1 |aSerin, Ralph C. |
| 720 | 1 |aMailloux, Donna L. |
| 775 | 08|tAn analysis of sexual assaults during hostage-takings and forcible confinements / |w(CaOODSP)9.568345 |
| 830 | #0|aRapport de recherche (Service correctionnel Canada. Direction de la recherche)|vR-114|w(CaOODSP)9.502465 |
| 856 | 40|ahttp://publications.gc.ca|qPDF|s240 Ko|uhttps://publications.gc.ca/collections/collection_2010/scc-csc/PS83-3-114-fra.pdf|yR-114 |